000
00220nam a22001097a 4500
082
_a
001
_b
RED/T
245
_a
3-D WORLD FAMOUS PLACES
260
_b
SCHOLASTIC
300
_a
26
650
_a
GENERAL KNOWLEDGE
942
_c
BK
999
_c
2999
_d
2999